000
00201 a2200097 4500
001
42772
100
_a
Chappell J S
245
_a
Wood Working
260
_a
London
_b
Cassell
_c
090
_c
26663
_d
26663
942
_a
NUST-CAE
_c
M
_c
18517
999
_c
277845
_d
277845